Fruit or Vegetable #2 - Statystyki

Ogólne statystyki
  • Ten quiz został rozwiązany 12 razy
  • Średni wynik to 18 z 28
Statystyki odpowiedzi
Hint Odpowiedź % Poprawnych
Chinese Cabbage Vegetable
100%
Watermelon Fruit
91%
Pepper Vegetable
91%
Pineberry Fruit
82%
Banana Fruit
82%
Broccoli Vegetable
82%
Pineapple Fruit
73%
Acai Fruit
73%
Papayas Fruit
73%
Pears Fruit
73%
Sweet Potato Vegetable
73%
Turmeric Vegetable
73%
Dead Man’s Finger Fruit
64%
Lychees Fruit
64%
Okra Vegetable
64%
Yuca Vegetable
64%
Bunch Vegetable
64%
Persimmon Fruit
55%
Soursop Fruit
55%
Callaloo Vegetable
55%
Parsley Vegetable
55%
Noni Fruit
45%
Rambutan Fruit
45%
Agaricus Vegetable
45%
Ginger Vegetable
45%
Tamarillo Fruit
36%
Yam Vegetable
27%
Pumpkin Fruit
18%
Nie znaleziono quizów pasujących do podanych kryteriów
Rozkład punktacji
Procent ludzi z każdym wynikiem
Percentyl według liczby udzielonych odpowiedzi
Twoja historia wyników
Nie rozwiązałeś tego quizu